000 00673nam a2200241Ia 4500
003 OSt
005 20220918193136.0
006 a|||||r|||| 00| 0
007 ta
008 220917b |||||||| |||| 00| 0 eng d
024 _a72,021
037 _cTextual
040 _aARTS
_cARTS
_beng
041 _2eng
_aeng
082 _aR6, L2
100 _aSharma Nilima
_924539
245 0 _aTwentieth century Indian philosophy
_b Nature and destiny of man
260 _aVaranasi
_bBharatiya Vidya Parkashan India
_c1972
300 _axii, 292p.
_ccm.
650 _aINDIAN PHILOSOPHY
942 _hR6, L2
_cTEXL
_2CC
999 _c198070
_d198070